[Event "IV Festival A"]
[Site "Ischia ITA"]
[Date "1997.07.??"]
[Round "?"]
[White "Calandri, Fausto"]
[Black "Tedeschi, Luciano"]
[Result "1-0"]
[WhiteElo "2105"]
[BlackElo "1857"]
[PlyCount "69"]
[EventDate "1997.07.10"]

1. e4 c5 2. Nc3 d6 3. g3 Bd7 4. Bg2 g6 5. f4 Nc6 6. Nf3 Bg7 7. d3 Nh6 8. O-O a6
9. h3 Qc7 10. Nd5 Qd8 11. c3 e6 12. Ne3 f5 13. Ng5 Qc7 14. exf5 gxf5 15. Qh5+
Kd8 16. g4 fxg4 17. Nxg4 Nxg4 18. hxg4 Rf8 19. Nxh7 Rg8 20. Ng5 Kc8 21. Qf7 Qd8
22. Nxe6 Bxe6 23. Qxe6+ Kc7 24. g5 Re8 25. Qg4 Qe7 26. Bd2 Rh8 27. Rfe1 Qf7 28.
Re6 Qg8 29. Bxc6 bxc6 30. Re7+ Kb6 31. Qd7 Qc8 32. Rxg7 Qxd7 33. Rxd7 Rh3 34.
Rxd6 Rah8 35. Rh6 1-0

[Event "IV Festival A"]
[Site "Ischia ITA"]
[Date "1997.07.??"]
[Round "?"]
[White "Castiglione, Umberto"]
[Black "Calandri, Fausto"]
[Result "1-0"]
[WhiteElo "1978"]
[BlackElo "2105"]
[PlyCount "55"]
[EventDate "1997.07.10"]

1. e4 d5 2. exd5 Qxd5 3. Nc3 Qa5 4. d4 Nf6 5. Nf3 Bg4 6. h3 Bh5 7. g4 Bg6 8.
Ne5 e6 9. h4 Bb4 10. Rh3 Bxc3+ 11. bxc3 Nbd7 12. Nxg6 hxg6 13. Bg2 O-O-O 14.
Bd2 c6 15. a4 Qc7 16. a5 Nb8 17. Qe2 Rhe8 18. g5 Nh5 19. Qg4 Nd7 20. Kf1 e5 21.
d5 Nf4 22. Bxf4 exf4 23. dxc6 bxc6 24. Rd3 Re5 25. Rad1 Re6 26. Bh3 Kb7 27. a6+
Kxa6 28. c4 {...} 1-0

[Event "IV Festival A"]
[Site "Ischia ITA"]
[Date "1997.07.??"]
[Round "?"]
[White "D'Avino, Luca"]
[Black "Pierbattisti, Giorgio"]
[Result "1/2-1/2"]
[WhiteElo "1702"]
[BlackElo "1726"]
[PlyCount "27"]
[EventDate "1997.07.10"]

1. e4 c5 2. Nf3 e6 3. d4 cxd4 4. Nxd4 a6 5. c4 Nf6 6. Nc3 Qc7 7. Bd3 Nc6 8.
Nxc6 dxc6 9. O-O e5 10. f4 Bc5+ 11. Kh1 Ng4 12. Qf3 Qe7 13. f5 Qh4 14. h3
1/2-1/2

[Event "IV Festival A"]
[Site "Ischia ITA"]
[Date "1997.07.??"]
[Round "?"]
[White "De Simone, Antonio"]
[Black "Gaggiottini, Manfredo"]
[Result "0-1"]
[WhiteElo "1786"]
[BlackElo "2105"]
[PlyCount "100"]
[EventDate "1997.07.10"]

1. d4 Nf6 2. Bf4 c6 3. Nf3 d6 4. Nbd2 Qb6 5. Qc1 Nh5 6. Be3 h6 7. Nc4 Qc7 8.
Bd2 Bg4 9. Ba5 b6 10. Bc3 Nf6 11. b3 a5 12. a4 Nbd7 13. h3 Be6 14. g3 g5 15.
Bg2 Rc8 16. Na3 Bg7 17. Bb2 Nf8 18. c4 Ng6 19. Nc2 Qd7 20. Ne3 O-O 21. Qc2 Rc7
22. Nd2 Rb8 23. Ne4 Nh7 24. Qd2 f5 25. Nc3 f4 26. Nc2 d5 27. Na3 dxc4 28. bxc4
Qxd4 29. Qc2 Nhf8 30. Rd1 Qc5 31. Qb3 fxg3 32. fxg3 Qb4 33. Qc2 Bf5 34. e4 Be6
35. O-O Rcc8 36. Kh2 Rd8 37. Rb1 Bxc4 38. Nxc4 Qxc4 39. Rfc1 Ne5 40. Rd1 Ne6
41. Bf1 Qc5 42. Qb3 Qf2+ 43. Kh1 Qf7 44. Rxd8+ Nxd8 45. Qd1 Qf3+ 46. Kh2 Qf2+
47. Bg2 Ndf7 48. Qh5 g4 49. hxg4 Ng5 50. Bc1 Nef3+ 0-1

[Event "IV Festival A"]
[Site "Ischia ITA"]
[Date "1997.07.??"]
[Round "?"]
[White "De Simone, Antonio"]
[Black "Pierbattisti, Giorgio"]
[Result "1/2-1/2"]
[WhiteElo "1786"]
[BlackElo "1726"]
[PlyCount "137"]
[EventDate "1997.07.10"]

1. d4 d5 2. Bf4 Bf5 3. e3 Nf6 4. Bd3 Bg6 5. Ne2 e6 6. O-O Be7 7. Nbc3 c6 8. Ng3
O-O 9. Qe2 Re8 10. Bxg6 hxg6 11. Rad1 Bd6 12. Bxd6 Qxd6 13. f4 Qc7 14. e4 dxe4
15. Ncxe4 Nbd7 16. Ng5 c5 17. Kh1 cxd4 18. Rxd4 Rac8 19. c3 e5 20. fxe5 Nxe5
21. Qf2 Neg4 22. Qf4 Ne3 23. Rf3 Qxf4 24. Rfxf4 Nf5 25. Rd2 Re1+ 26. Nf1 Rce8
27. Kg1 Ne3 28. h3 Nxf1 29. Rxf1 R1e2 30. Rfd1 Rxd2 31. Rxd2 Kf8 32. Kf1 Ke7
33. Rd4 Kf8 34. Rf4 Re5 35. Nf3 Rf5 36. Rd4 Ke7 37. Rc4 Kd7 38. Kg1 b5 39. Rd4+
Rd5 40. Rxd5+ Nxd5 41. Nd4 a6 42. Kf2 Nf4 43. Kf3 Nd3 44. b4 Kd6 45. Ke3 Ne5
46. Nb3 Nc6 47. Nc5 Nb8 48. Kd3 Kd5 49. a4 f5 50. axb5 axb5 51. Nb3 Nc6 52. Na5
Ne5+ 53. Ke3 g5 54. g3 Nc4+ 55. Kd3 Ne5+ 56. Ke3 g6 57. h4 gxh4 58. gxh4 Nc4+
59. Kf4 Nd6 60. Ke3 Ne4 61. Kd3 Nd6 62. Nb3 f4 63. Nd4 Ke5 64. Nxb5 Nxb5 65. c4
Nc7 66. b5 Na8 67. c5 Kd5 68. b6 Kc6 69. Ke4 {...} 1/2-1/2

[Event "IV Festival A"]
[Site "Ischia ITA"]
[Date "1997.07.??"]
[Round "?"]
[White "Ferraro, Francesco"]
[Black "Calandri, Fausto"]
[Result "1-0"]
[WhiteElo "2060"]
[BlackElo "2105"]
[PlyCount "111"]
[EventDate "1997.07.10"]

1. d4 Nf6 2. Nf3 e6 3. Bf4 b6 4. e3 Bb7 5. Bd3 c5 6. c3 Nc6 7. Nbd2 Be7 8. h3
cxd4 9. exd4 O-O 10. O-O d6 11. Re1 Qc7 12. a4 Rfe8 13. Bh2 Rad8 14. Qc2 g6 15.
Rad1 Nb8 16. Ng5 Nbd7 17. f3 Bf8 18. Nge4 Nxe4 19. Nxe4 e5 20. Bb5 Bxe4 21.
Rxe4 Re7 22. Bxd7 Rexd7 23. dxe5 dxe5 24. Rxd7 Rxd7 25. Bxe5 Bc5+ 26. Kh2 Qd8
27. Bf4 Rd1 28. Re8+ Qxe8 29. Qxd1 h5 30. Bg3 a5 31. b3 Kh7 32. Qd3 Qe6 33. Qd1
Qf6 34. Qe1 Bd6 35. Bxd6 Qxd6+ 36. Kh1 Kg7 37. b4 axb4 38. cxb4 Qd4 39. a5 bxa5
40. bxa5 h4 41. a6 Qa4 42. Qe5+ Kh6 43. f4 Kh7 44. Qf6 Kg8 45. Kh2 Qa3 46. Qd8+
Kg7 47. Qd4+ Kh7 48. a7 Qg3+ 49. Kh1 Qe1+ 50. Qg1 Qa5 51. Qf2 Qa1+ 52. Kh2 Qa3
53. Qxh4+ Kg7 54. Qf2 f5 55. Qd4+ Kh7 56. Qd7+ 1-0

[Event "IV Festival A"]
[Site "Ischia ITA"]
[Date "1997.07.??"]
[Round "?"]
[White "Gaggiottini, Manfredo"]
[Black "Ferraro, Francesco"]
[Result "1-0"]
[WhiteElo "2105"]
[BlackElo "2060"]
[PlyCount "70"]
[EventDate "1997.07.10"]

1. e4 e5 2. Nf3 Nf6 3. Nxe5 d6 4. Nc4 Nxe4 5. Nc3 Nxc3 6. bxc3 Be7 7. d4 Nd7 8.
Bd3 Nb6 9. Ne3 d5 10. O-O g6 11. a4 a5 12. Re1 O-O 13. Ba3 Re8 14. Bxe7 Rxe7
15. Qf3 Kg7 16. Qf4 Bd7 17. Kf1 Re8 18. g4 h6 19. Kg2 Rc8 20. h4 Qxh4 21. Rh1
Qg5 22. Qg3 Qf6 23. Rxh6 Qg5 24. Rh4 Rh8 25. Rah1 Qe7 26. Rxh8 Rxh8 27. Qxc7
Qh4 28. Qe5+ Kf8 29. Kf3 Nxa4 30. Qb8+ Kg7 31. Qe5+ Kg8 32. Qc7 Bc6 33. Qd6 Kg7
34. Rg1 Nxc3 35. Nf5+ Kh7 1-0

[Event "IV Festival A"]
[Site "Ischia ITA"]
[Date "1997.07.??"]
[Round "?"]
[White "Gaggiottini, Manfredo"]
[Black "Saccone, Fabio"]
[Result "0-1"]
[WhiteElo "2105"]
[BlackElo "2295"]
[PlyCount "100"]
[EventDate "1997.07.10"]

1. e4 c5 2. Nf3 d6 3. d4 cxd4 4. Nxd4 Nf6 5. Nc3 Nc6 6. Bg5 Bd7 7. Qd2 Rc8 8.
O-O-O Nxd4 9. Qxd4 Qa5 10. f4 h6 11. e5 hxg5 12. exf6 gxf6 13. Bc4 Qc5 14. Bd5
Qxd4 15. Rxd4 Bc6 16. f5 Rh4 17. g4 Bg7 18. a4 Bxd5 19. Nxd5 e6 20. Ne3 d5 21.
Kb1 Bf8 22. h3 Bd6 23. Rd3 Ke7 24. Rhd1 Be5 25. c3 Rch8 26. Nxd5+ exd5 27. Rxd5
Rb8 28. R1d3 Rhh8 29. Rd7+ Kf8 30. a5 b6 31. Kc2 Kg7 32. b4 Rhc8 33. Kb3 Kf8
34. c4 Ke8 35. b5 Rd8 36. R7d5 Rxd5 37. Rxd5 Rd8 38. Rc5 Bd6 39. Rd5 Be7 40.
Rxd8+ Kxd8 41. Kc3 Kc7 42. Kb3 Bc5 43. Kc3 Kd6 44. Kd3 Ke5 45. Kc3 Ke4 46. a6
Ke3 47. Kb3 Kd3 48. Ka4 Kxc4 49. h4 gxh4 50. g5 fxg5 0-1

[Event "IV Festival A"]
[Site "Ischia ITA"]
[Date "1997.07.??"]
[Round "?"]
[White "Pierbattisti, Giorgio"]
[Black "Buiano, Fabio"]
[Result "0-1"]
[WhiteElo "1726"]
[BlackElo "1983"]
[PlyCount "82"]
[EventDate "1997.07.10"]

1. d4 Nc6 2. Nf3 d5 3. g3 Bg4 4. Bg2 e6 5. O-O Nf6 6. c4 Bd6 7. Nc3 Qd7 8. c5
Bxf3 9. Bxf3 Be7 10. Bf4 a6 11. b4 O-O 12. b5 axb5 13. Nxb5 Ne8 14. e4 dxe4 15.
Bxe4 Bf6 16. Qc2 g6 17. Rad1 Nb4 18. Qc4 Nd5 19. Be5 c6 20. Nd6 Nxd6 21. Bxd6
Rfe8 22. Bxd5 exd5 23. Qb3 b5 24. Qf3 Bg7 25. a3 Re4 26. Rfe1 f5 27. Rxe4 dxe4
28. Qb3+ Qf7 29. Qxf7+ Kxf7 30. d5 cxd5 31. Rxd5 Ke6 32. Rd1 Rxa3 33. Rb1 Ra1
34. Rxa1 Bxa1 35. Kf1 Kd5 36. Ke2 Bd4 37. Bf4 Kxc5 38. Bc1 Kc4 39. h3 Kb3 40.
g4 b4 41. gxf5 gxf5 0-1

[Event "IV Festival A"]
[Site "Ischia ITA"]
[Date "1997.07.??"]
[Round "?"]
[White "Pierbattisti, Giorgio"]
[Black "Castiglione, Umberto"]
[Result "1-0"]
[WhiteElo "1726"]
[BlackElo "1978"]
[PlyCount "63"]
[EventDate "1997.07.10"]

1. d4 Nf6 2. c4 g6 3. Nc3 Bg7 4. e4 d6 5. Nge2 O-O 6. Ng3 e5 7. d5 Ng4 8. h4 f5
9. Bg5 Bf6 10. Bxf6 Qxf6 11. exf5 gxf5 12. Qd2 Kh8 13. f3 Nh6 14. O-O-O Rg8 15.
Nge2 a5 16. g3 Na6 17. Bh3 Nc5 18. Rdf1 Nf7 19. g4 Qxh4 20. gxf5 Qxc4 21. Bg4
a4 22. Kb1 Rg5 23. Ng3 Nb3 24. axb3 axb3 25. Qe2 Qb4 26. Qb5 Qd4 27. Qe8+ Rg8
28. Rxh7+ Kxh7 29. Qxf7+ Kh6 30. Rh1+ Kg5 31. Qxg8+ Kf4 32. Nge2+ 1-0

[Event "IV Festival A"]
[Site "Ischia ITA"]
[Date "1997.07.??"]
[Round "?"]
[White "Pierbattisti, Giorgio"]
[Black "Ferrero, Flavio"]
[Result "1/2-1/2"]
[WhiteElo "1726"]
[BlackElo "1939"]
[PlyCount "99"]
[EventDate "1997.07.10"]

1. d4 d5 2. c4 e6 3. Nf3 Nf6 4. Bg5 Be7 5. Nc3 O-O 6. e3 h6 7. Bh4 b6 8. cxd5
exd5 9. Bd3 Be6 10. O-O Nbd7 11. Rc1 c5 12. Bb1 Re8 13. h3 a6 14. Qd3 c4 15.
Qc2 b5 16. a3 Nf8 17. Ne5 Qb6 18. f4 Rad8 19. g4 N6h7 20. Bxe7 Rxe7 21. f5 Bc8
22. Qg2 Qd6 23. Rce1 f6 24. Ng6 Nxg6 25. fxg6 Nf8 26. Bf5 Bb7 27. h4 Rde8 28.
Rf3 Bc6 29. g5 fxg5 30. hxg5 Nxg6 31. Qh3 Nf8 32. Rg3 hxg5 33. Rxg5 g6 34. Re2
Rh7 35. Qg4 Rg7 36. Nd1 Bd7 37. Bxd7 Nxd7 38. Rg2 Nf6 39. Qh3 Ne4 40. Re5 Rxe5
41. dxe5 Qxe5 42. Qc8+ Kf7 43. Qd7+ Kf6 44. Qd8+ Re7 45. Nc3 Nxc3 46. Qf8+ Ke6
47. Qc8+ Kf6 48. Qf8+ Ke6 49. Qc8+ Kf6 50. Qf8+ 1/2-1/2

[Event "IV Festival A"]
[Site "Ischia ITA"]
[Date "1997.07.??"]
[Round "?"]
[White "Ravagnani, Tiziano"]
[Black "Pierbattisti, Giorgio"]
[Result "1-0"]
[WhiteElo "2080"]
[BlackElo "1726"]
[PlyCount "65"]
[EventDate "1997.07.10"]

1. e4 c5 2. Nf3 e6 3. d4 cxd4 4. Nxd4 a6 5. c4 Nf6 6. Nc3 Qc7 7. Nc2 Nc6 8. Be2
b6 9. f4 d6 10. g4 Bb7 11. g5 Nd7 12. Be3 Be7 13. Rc1 h6 14. Nd4 Qb8 15. g6
Bh4+ 16. Kf1 Nf6 17. gxf7+ Kxf7 18. Rg1 Rg8 19. Nf3 g5 20. Nxh4 gxh4 21. Qe1
Rxg1+ 22. Bxg1 h3 23. Qh4 Qg8 24. Qxh3 Qg7 25. Bh5+ Nxh5 26. Qxh5+ Ke7 27. Qh4+
Kd7 28. Qg3 Qf7 29. Qe3 Ne5 30. Ne2 Ng6 31. Rd1 Qf8 32. Qxb6 Bc6 33. Bc5 1-0

[Event "IV Festival A"]
[Site "Ischia ITA"]
[Date "1997.07.??"]
[Round "?"]
[White "Schiappacasse, Marcello"]
[Black "Calandri, Fausto"]
[Result "1/2-1/2"]
[WhiteElo "1719"]
[BlackElo "2105"]
[PlyCount "58"]
[EventDate "1997.07.10"]

1. e4 d5 2. exd5 Qxd5 3. Nc3 Qa5 4. Nf3 Nf6 5. Be2 Bg4 6. O-O Nc6 7. d3 e6 8.
a3 O-O-O 9. Be3 Qh5 10. Ng5 Bd6 11. h3 Bxe2 12. Qxe2 Qxe2 13. Nxe2 Rd7 14. f4
Nd5 15. Bd2 Bc5+ 16. Kh2 Be3 17. Rad1 Bxd2 18. Rxd2 Ne3 19. Rb1 Rhd8 20. Kg3 e5
21. Kf2 exf4 22. Nxf4 h6 23. Nf3 Nf5 24. Re1 Re7 25. Rxe7 Nfxe7 26. Re2 Nd5 27.
Nxd5 Rxd5 28. Ke1 Nd4 29. Nxd4 Rxd4 1/2-1/2

[Event "IV Festival A"]
[Site "Ischia ITA"]
[Date "1997.07.??"]
[Round "?"]
[White "Stantic, Severino"]
[Black "Delizia, Costantino"]
[Result "0-1"]
[WhiteElo "2120"]
[BlackElo "2001"]
[PlyCount "80"]
[EventDate "1997.07.10"]

1. Nf3 Nf6 2. b3 d5 3. Bb2 e6 4. e3 Be7 5. Be2 O-O 6. O-O b6 7. d4 Bb7 8. Nbd2
Nbd7 9. c4 c5 10. Rc1 Rc8 11. Bd3 cxd4 12. exd4 Rc7 13. Qe2 Qa8 14. Rfe1 Rd8
15. Ne5 dxc4 16. bxc4 Nxe5 17. dxe5 Nd7 18. Be4 Nc5 19. Bxb7 Qxb7 20. Rc2 Nd3
21. Rf1 Rcd7 22. Bc3 Nc5 23. Bb4 h6 24. Bxc5 Bxc5 25. Ne4 Qc6 26. Rd2 Rxd2 27.
Nxd2 Qd7 28. Nb3 Qd3 29. Qxd3 Rxd3 30. g3 Ba3 31. Kg2 a5 32. Re1 a4 33. Nc1 Rc3
34. Ne2 Rxc4 35. Nf4 Rc2 36. Re2 Rxe2 37. Nxe2 Bb2 38. f4 b5 39. Kf2 b4 40. Ke3
b3 0-1

[Event "IV Festival A"]
[Site "Ischia ITA"]
[Date "1997.07.??"]
[Round "?"]
[White "Vignato, Giovanni"]
[Black "Schiappoli, Dario"]
[Result "1-0"]
[WhiteElo "2150"]
[BlackElo "1794"]
[PlyCount "87"]
[EventDate "1997.07.10"]

1. e4 c5 2. Nf3 d6 3. d4 cxd4 4. Nxd4 Nf6 5. Nc3 a6 6. Be3 e5 7. Nb3 Qc7 8. f3
Be7 9. Qd2 Be6 10. g4 h6 11. h4 Nbd7 12. O-O-O Nb6 13. Bxb6 Qxb6 14. Bh3 O-O-O
15. g5 hxg5 16. hxg5 Bxh3 17. gxf6 Bxf6 18. Nd5 Qc6 19. Na5 Qc5 20. Rxh3 Rxh3
21. b4 Qd4 22. Qg2 Bg5+ 23. f4 Bxf4+ 24. Nxf4 Qe3+ 25. Kb1 Rg3 26. Nd5 Rxg2 27.
Nxe3 Re2 28. Nf5 Rxe4 29. c3 g5 30. Nxd6+ Rxd6 31. Rxd6 Kc7 32. Rf6 Rf4 33.
Rxf4 exf4 34. Kc2 g4 35. Kd3 f5 36. c4 f3 37. Ke3 f4+ 38. Kf2 b6 39. Nb3 Kd6
40. a4 a5 41. b5 Kc7 42. c5 bxc5 43. Nxc5 Kb6 44. Ne6 1-0

[Event "IV Festival A"]
[Site "Ischia ITA"]
[Date "1997.07.??"]
[Round "?"]
[White "Vujovic, Milorad"]
[Black "Auletta, Angelo"]
[Result "1-0"]
[WhiteElo "2240"]
[BlackElo "2215"]
[PlyCount "43"]
[EventDate "1997.07.10"]

1. e4 c5 2. Nf3 d6 3. d4 cxd4 4. Nxd4 Nf6 5. Nc3 e6 6. Be2 a6 7. O-O Be7 8. f4
Nc6 9. Be3 O-O 10. a4 Qc7 11. Nb3 b6 12. Qe1 Bb7 13. Qf2 Nd7 14. Rad1 Nb4 15.
Bf3 Rfe8 16. Rd2 Rad8 17. Rfd1 Nc5 18. Rd4 Nc6 19. Rc4 Bf8 20. Nb1 Na5 21. Rcd4
Nc6 22. R4d2 1-0

[Event "IV Festival A"]
[Site "Ischia ITA"]
[Date "1997.07.??"]
[Round "?"]
[White "Wronn, Bernd"]
[Black "Delizia, Costantino"]
[Result "0-1"]
[WhiteElo "2105"]
[BlackElo "2001"]
[PlyCount "94"]
[EventDate "1997.07.10"]

1. Nf3 Nf6 2. c4 e6 3. g3 d5 4. Bg2 Be7 5. O-O O-O 6. d3 b6 7. b3 Bb7 8. Bb2 c5
9. cxd5 Nxd5 10. Nbd2 Nd7 11. a3 Bf6 12. Bxf6 N5xf6 13. b4 Qe7 14. Qb3 Rfc8 15.
Rfc1 Rc7 16. Qb2 Rac8 17. b5 Ne8 18. d4 Nd6 19. a4 Qf6 20. Ne5 Bxg2 21. Kxg2
cxd4 22. Nxd7 Rxd7 23. Ne4 Qe5 24. Nxd6 Rxc1 25. Rxc1 Qxd6 26. Rc8+ Rd8 27. Qc2
g6 28. Rc6 Qd5+ 29. f3 Rd7 30. Qd2 Qe5 31. Kf1 Kg7 32. Qd3 h5 33. Rc8 Qd6 34.
Qe4 d3 35. Rc6 dxe2+ 36. Qxe2 Qd1+ 37. Qxd1 Rxd1+ 38. Kg2 Rd2+ 39. Kg1 Ra2 40.
Rc4 Kf6 41. h3 Ke5 42. g4 hxg4 43. fxg4 f5 44. h4 Kd5 45. gxf5 exf5 46. Rc6
Rxa4 47. Rxg6 Rxh4 0-1

[Event "IV Festival A"]
[Site "Ischia ITA"]
[Date "1997.07.??"]
[Round "1"]
[White "Calandri, Fausto"]
[Black "Pierbattisti, Giorgio"]
[Result "1-0"]
[WhiteElo "2105"]
[BlackElo "1726"]
[PlyCount "87"]
[EventDate "1997.07.10"]

1. e4 c5 2. Nc3 Nc6 3. g3 g6 4. Bg2 Bg7 5. d3 e6 6. f4 Nge7 7. Be3 d6 8. Nf3
Nd4 9. O-O Nec6 10. Bf2 O-O 11. Nxd4 Nxd4 12. e5 dxe5 13. fxe5 Bxe5 14. Ne4 Nf5
15. c3 b6 16. Nf6+ Bxf6 17. Bxa8 Ba6 18. Be4 Nd6 19. Bg2 Nf5 20. Be4 Nd6 21.
Re1 Nxe4 22. dxe4 Bd3 23. Qf3 Be5 24. g4 Qd6 25. Bg3 f6 26. Rad1 c4 27. Rd2 Qc6
28. Rf2 Bxg3 29. hxg3 Qc5 30. Qe3 Qd6 31. e5 fxe5 32. Qxe5 Qxe5 33. Rxe5 Rxf2
34. Kxf2 Kf7 35. Ke3 Kf6 36. Kd4 g5 37. Re1 a6 38. b3 b5 39. b4 Bg6 40. Rf1+
Ke7 41. Ke5 Be8 42. Rd1 Bc6 43. Rd6 Bd5 44. Rxa6 1-0

[Event "IV Festival A"]
[Site "Ischia ITA"]
[Date "1997.07.??"]
[Round "1"]
[White "Castelluzzo, Salvatore"]
[Black "Wagman, Stuart"]
[Result "1/2-1/2"]
[WhiteElo "2050"]
[BlackElo "2175"]
[PlyCount "57"]
[EventDate "1997.07.10"]

1. e4 e5 2. Nf3 Nc6 3. Be2 Nf6 4. d3 Be7 5. O-O O-O 6. c3 d6 7. Qc2 Re8 8. Re1
Bf8 9. Bf1 h6 10. Nbd2 g6 11. d4 Bg7 12. dxe5 dxe5 13. Bb5 Bd7 14. a4 a6 15.
Bc4 Be6 16. b3 Qd7 17. Ba3 Rad8 18. Rad1 Bxc4 19. Nxc4 Qe6 20. Rd2 Rxd2 21.
Ncxd2 Rd8 22. h3 Nh5 23. Bc1 Qd7 24. Nf1 Qd3 25. Qxd3 Rxd3 26. Re3 Rd1 27. Re1
Rxe1 28. Nxe1 Na5 29. b4 1/2-1/2

[Event "IV Festival A"]
[Site "Ischia ITA"]
[Date "1997.07.??"]
[Round "1"]
[White "Castiglione, Umberto"]
[Black "Vujovic, Milorad"]
[Result "0-1"]
[WhiteElo "1978"]
[BlackElo "2240"]
[PlyCount "80"]
[EventDate "1997.07.10"]

1. e4 c5 2. Nf3 d6 3. d4 cxd4 4. Nxd4 Nf6 5. Nc3 a6 6. Bc4 e6 7. Bb3 Nbd7 8. f4
Nc5 9. Qf3 Qc7 10. f5 Be7 11. O-O e5 12. Nde2 Nxb3 13. cxb3 b5 14. g4 h6 15.
Be3 Bb7 16. Rac1 Qd8 17. Ng3 Rc8 18. Nh5 Nxh5 19. gxh5 Bg5 20. Nd5 Rxc1 21.
Rxc1 O-O 22. Bb6 Qb8 23. Bc7 Qc8 24. Rc3 Bxd5 25. exd5 Qd7 26. Rc6 e4 27. Qxe4
Re8 28. Rxd6 Qc8 29. Qc2 Re1+ 30. Kf2 Bh4+ 31. Kf3 Qe8 32. Qd3 Rc1 33. Ba5 Bg5
34. Rxa6 f6 35. Re6 Qxh5+ 36. Kg2 Qg4+ 37. Qg3 Rc2+ 38. Kf1 Qxf5+ 39. Kg1 Bf4
40. Re8+ Kh7 0-1

[Event "IV Festival A"]
[Site "Ischia ITA"]
[Date "1997.07.??"]
[Round "1"]
[White "De Simone, Antonio"]
[Black "Simoli, Sergio"]
[Result "0-1"]
[WhiteElo "1786"]
[BlackElo "2160"]
[PlyCount "80"]
[EventDate "1997.07.10"]

1. d4 Nf6 2. Nc3 c5 3. dxc5 e6 4. e4 Nc6 5. Be3 Qa5 6. Bd3 Bxc5 7. Bd2 Qc7 8.
Nh3 a6 9. Bf4 Ne5 10. O-O h5 11. Be2 b5 12. Kh1 Bb7 13. f3 h4 14. a3 Nh5 15.
Bxe5 Qxe5 16. f4 Nxf4 17. Nxf4 Bd6 18. Kg1 g5 19. Nh5 Qxh2+ 20. Kf2 Bc5+ 21.
Ke1 Rxh5 22. Rxf7 Qg3+ 23. Kd2 Be3+ 24. Kd3 Bf4+ 25. Bf3 Kxf7 26. Ke2 Ke7 27.
Bxh5 g4 28. Qg1 Rh8 29. Qc5+ Kd8 30. Rg1 Rxh5 31. Qxh5 Qe3+ 32. Kf1 Qc1+ 33.
Ke2 Qxc2+ 34. Kf1 Qc1+ 35. Ke2 Qxb2+ 36. Kf1 Qxc3 37. Qxh4+ Kc7 38. Rh1 Qd3+
39. Kg1 Qxe4 40. Qxg4 Qe1# 0-1

[Event "IV Festival A"]
[Site "Ischia ITA"]
[Date "1997.07.??"]
[Round "1"]
[White "Delizia, Costantino"]
[Black "Komljenovic, Davorin"]
[Result "1/2-1/2"]
[WhiteElo "2001"]
[BlackElo "2445"]
[PlyCount "109"]
[EventDate "1997.07.10"]

1. e4 d6 2. d4 g6 3. Nf3 Bg7 4. c3 Nf6 5. Bd3 O-O 6. O-O Nh5 7. a4 e5 8. Na3
Nc6 9. dxe5 dxe5 10. Nc4 a5 11. Qc2 h6 12. Rd1 Qf6 13. Be2 Nf4 14. Bxf4 exf4
15. Nd4 Nxd4 16. cxd4 Rd8 17. Ne5 Qe7 18. Nf3 c6 19. Rd2 Be6 20. b3 c5 21. Rad1
cxd4 22. Nxd4 Rac8 23. Qb1 Bxd4 24. Rxd4 Rxd4 25. Rxd4 Qa3 26. Bc4 Bxc4 27.
bxc4 Qxa4 28. h3 Re8 29. Qd3 Qa1+ 30. Kh2 Qb2 31. Rd8 Rxd8 32. Qxd8+ Kg7 33.
Qxa5 f3 34. Qc5 fxg2 35. Kxg2 g5 36. Qd5 b6 37. c5 bxc5 38. Qxc5 Qf6 39. e5 Qf5
40. Qd6 h5 41. Qd4 Kh7 42. Qe3 Kg6 43. Qb6+ Qe6 44. Qb1+ Kh6 45. Qe4 f6 46. f4
Qa2+ 47. Kf3 Qb3+ 48. Kg2 Qb2+ 49. Kf3 Qc3+ 50. Kg2 h4 51. fxg5+ fxg5 52. Qf5
Qb2+ 53. Kg1 Qc1+ 54. Kg2 Qd2+ 55. Kf1 1/2-1/2

[Event "IV Festival A"]
[Site "Ischia ITA"]
[Date "1997.07.??"]
[Round "1"]
[White "Ellers, Holger"]
[Black "Buiano, Fabio"]
[Result "1-0"]
[WhiteElo "2405"]
[BlackElo "1983"]
[PlyCount "79"]
[EventDate "1997.07.10"]

1. d4 d5 2. Nf3 Nc6 3. g3 Bg4 4. Bg2 e6 5. O-O Nf6 6. c3 Bd6 7. Nbd2 O-O 8. Re1
e5 9. dxe5 Nxe5 10. Nxe5 Bxe5 11. Qb3 d4 12. Nf3 Bxf3 13. Bxf3 dxc3 14. bxc3
Qe7 15. Ba3 Bd6 16. Bxd6 cxd6 17. Qxb7 Qe5 18. c4 Rac8 19. Rac1 Qa5 20. Qb3 Nd7
21. Qb5 Qxb5 22. cxb5 Nc5 23. Red1 Rfd8 24. Rd4 Kf8 25. Rcd1 Ke7 26. Kg2 g6 27.
h4 h5 28. a4 Rb8 29. Bc6 f5 30. a5 Ne6 31. Ra4 Nc7 32. Rb1 Ke6 33. e4 d5 34. b6
axb6 35. axb6 Ne8 36. exd5+ Kd6 37. Re1 Kc5 38. Ra5+ Kxb6 39. Rb5+ Kc7 40. Rxb8
1-0

[Event "IV Festival A"]
[Site "Ischia ITA"]
[Date "1997.07.??"]
[Round "1"]
[White "Ferraro, Francesco"]
[Black "Auletta, Angelo"]
[Result "1-0"]
[WhiteElo "2060"]
[BlackElo "2215"]
[PlyCount "79"]
[EventDate "1997.07.10"]

1. d4 e6 2. Nf3 c5 3. e3 Nc6 4. Be2 Nf6 5. O-O Qc7 6. c4 d5 7. cxd5 exd5 8.
dxc5 Bxc5 9. Nc3 Be6 10. Nb5 Qd7 11. b3 O-O 12. Bb2 Ne4 13. Rc1 Qe7 14. Nbd4
Bd7 15. Nc2 Be6 16. Nfd4 Rad8 17. a3 Nxd4 18. Bxd4 Bd6 19. b4 b6 20. Bf3 Ng5
21. Bg4 f5 22. Be2 Ne4 23. f4 g5 24. Bd3 Bf7 25. g3 g4 26. Ne1 Rc8 27. Bb1 h5
28. Ng2 Qd7 29. Qd3 Rxc1 30. Rxc1 Rc8 31. Qd1 Rc4 32. Ba2 Rc7 33. Nh4 Be6 34.
Ng6 Qd8 35. Rxc7 Qxc7 36. Bb3 a5 37. bxa5 bxa5 38. Bb2 Qb7 39. Qd4 Kh7 40. Nh4
1-0

[Event "IV Festival A"]
[Site "Ischia ITA"]
[Date "1997.07.??"]
[Round "1"]
[White "Fittante, Giuliana"]
[Black "Wismayer, Clive R."]
[Result "0-1"]
[WhiteElo "1749"]
[BlackElo "2110"]
[PlyCount "46"]
[EventDate "1997.07.10"]

1. Nf3 d5 2. b3 Nf6 3. Bb2 e6 4. e3 Bd6 5. c4 O-O 6. Be2 Nbd7 7. d4 c6 8. O-O
Ne4 9. Nbd2 Ndf6 10. Ne5 Nxd2 11. Qxd2 Ne4 12. Qc2 f6 13. Nd3 Bd7 14. Rad1 Qe7
15. f3 Ng5 16. Nf2 Be8 17. Bd3 f5 18. Bc1 Bh5 19. Be2 Nf7 20. e4 fxe4 21. fxe4
Qh4 22. e5 Nxe5 23. Bxh5 Nf3+ 0-1

[Event "IV Festival A"]
[Site "Ischia ITA"]
[Date "1997.07.??"]
[Round "1"]
[White "Gaggiottini, Manfredo"]
[Black "Schiappacasse, Marcello"]
[Result "0-1"]
[WhiteElo "2105"]
[BlackElo "1719"]
[PlyCount "102"]
[EventDate "1997.07.10"]

1. e4 c5 2. Ne2 Nc6 3. Nbc3 e6 4. d4 cxd4 5. Nxd4 Qc7 6. Be2 Nf6 7. O-O a6 8.
Be3 Be7 9. Qd2 O-O 10. Rad1 b5 11. Bf4 e5 12. Nxc6 dxc6 13. Bg3 b4 14. Qg5 Nxe4
15. Qh5 Nxg3 16. fxg3 bxc3 17. Bd3 Bc5+ 18. Kh1 g6 19. Qh6 Re8 20. b4 Bf8 21.
Qg5 Bg7 22. Rc1 Be6 23. a3 Qd8 24. Qe3 Qd4 25. Qg5 a5 26. Rfd1 Qd8 27. Qe3 Qe7
28. b5 cxb5 29. Bxb5 Rec8 30. h4 Qc5 31. Rd8+ Bf8 32. Qxc5 Rxc5 33. Rxa8 Rxb5
34. Rd1 Kg7 35. Rd3 Bc5 36. g4 Bd4 37. g5 Bf5 38. Rf3 Bxc2 39. Rf6 Be4 40. Rc8
Rc5 41. Rb8 c2 42. Rf1 c1=Q 43. Rxc1 Rxc1+ 44. Kh2 Rc2 45. h5 gxh5 46. Kh3
Bxg2+ 47. Kg3 Bf2+ 48. Kh2 h4 49. a4 Bg3+ 50. Kg1 h3 51. Rb1 h2# 0-1

[Event "IV Festival A"]
[Site "Ischia ITA"]
[Date "1997.07.??"]
[Round "1"]
[White "Gurevich, Dmitry B."]
[Black "Accardo, Francesco"]
[Result "1-0"]
[WhiteElo "2575"]
[BlackElo "2050"]
[PlyCount "63"]
[EventDate "1997.07.10"]

1. Nf3 b5 2. e3 a6 3. a4 b4 4. d4 Nf6 5. c4 Bb7 6. Bd3 a5 7. Nbd2 e6 8. e4 c5
9. d5 Qe7 10. e5 exd5 11. O-O Ne4 12. cxd5 Nxd2 13. Nxd2 Bxd5 14. Re1 Nc6 15.
Ne4 Bxe4 16. Bxe4 O-O-O 17. Bf4 g5 18. Bg3 h5 19. h3 Rh6 20. Rc1 f5 21. Bxf5
Kb7 22. Qd5 Kb6 23. f4 gxf4 24. Bf2 Qg5 25. Bxc5+ Bxc5+ 26. Qxc5+ Kc7 27. e6 f3
28. Qa7+ Kd6 29. Rcd1+ Ke7 30. Rxd7+ Kf8 31. e7+ Kg8 32. exd8=Q+ 1-0